| 000 | 00466nam a2200157 i 4500 | ||
|---|---|---|---|
| 001 | 95229 | ||
| 003 | ES-MaACL | ||
| 005 | 20230906181648.0 | ||
| 007 | t| | ||
| 008 | 050524s1931 fr ||||1| fre d | ||
| 100 | 1 |
_aLuquet, Georges-Henri. _974839 |
|
| 245 | 1 | 0 |
_aManuel de philosophie _b: classes de mathematiques, logique, morale / _cpar Georges-Henri Luquet. |
| 260 |
_aParis : _bFélix Alcan, _c1931. |
||
| 300 |
_a302 p. ; _c22 cm. |
||
| 852 |
_aES-MaACL _jA-1109 |
||
| 999 |
_c95229 _d95229 |
||